006390000a22001450004500090001700000245015100017246014000168041001400308700002900322700002900351100003200380942001300412773005100425999001700476 aASbSeriadas10aEcología de anidación y conservación de la tortuga Caná, Dermochelys coriacea, en La Playona, golfo de Urabá chocoano (Colombia) en 19983 aNesting ecology and conservation of the leatherback turtle, Dermochelys coriacea, at La Playona, chocoan of Urabá (Colombia) in 19980 aEspañol1 aPáez, Vivian P.9230301 aPatiño, Juan A.9996571 aDuque, Verónica M.999658 cARTICULO1 tActualidades Biológicash72q37-53d2000g22 c15415d15415